| 000 | 00501nam a22001817a 4500 | ||
|---|---|---|---|
| 005 | 20170308101824.0 | ||
| 010 | _aENG-117462 | ||
| 020 |
_a9788176506984 _c450.00 |
||
| 035 | _aEN-100994 | ||
| 037 | _bDBAD/PUB | ||
| 082 | _aS | ||
| 100 | _aSaluja,Pritinder Singh | ||
| 245 |
_aThe fortune heiress / _cby Pritinder singh saluja |
||
| 260 |
_aNew Delhi _bStar publications _c2016 |
||
| 270 |
_a4/5B Asaf Ali Road _bNew Delhi _e110002 |
||
| 300 |
_axii 260p _c21cm (pbk) |
||
| 942 |
_2ddc _cEN _hS _mSAL |
||
| 999 |
_c138086 _d138086 |
||